Missing Word: 1990s 'C' Song Endings Quiz Stats

Quiz Updated Mar 3, 2016

Challenge
Share
Tweet
Embed
Score 0/18 Timer 04:00
1 Play Today
Song Missing Word % Correct
(You Drive Me) _____Crazy
96.3%
Cats In The _____Cradle
85.8%
Gotham _____City
79.6%
When The Night _____Comes
78.6%
The Emperor's New _____Clothes
77.2%
Wind Of _____Change
77%
I Don't Wanna _____Cry
69.4%
A Face In The _____Crowd
66.3%
Black _____Cat
50%
Song Missing Word % Correct
Going Back To _____Cali
44.2%
Lightning _____Crashes
43.2%
Counting Blue _____Cars
40.9%
This One's For The _____Children
26%
Tha _____Crossroads
19.6%
Woo Hah!! Got You All In _____Check
18.8%
#1 _____Crush
17.2%
In The _____Closet
13.3%
Tremor _____Christ
10%

Today's Daily Dose

You're not logged in!

Compare scores with friends on all Sporcle quizzes.
Sign Up with Email
OR
Log In

You Might Also Like...

Show Comments

Extras

Top Quizzes Today


Score Distribution

Your Account Isn't Verified!

In order to create a playlist on Sporcle, you need to verify the email address you used during registration. Go to your Sporcle Settings to finish the process.